ZKM Gdynia - 145 - Statystyki

Ogólne statystyki
  • Ten quiz został rozwiązany 12 razy
  • Średni wynik to 9 z 10
Statystyki odpowiedzi
Przystanek Ulica % Poprawnych
Brzechwy Brzechwy
100%
Karwiny Tuwima Makuszyńskiego
100%
Mały Kack Strzelców Strzelców
100%
Myśliwska Chwaszczyńska
100%
Nałkowskiej Wielkopolska
100%
Źródło Marii Wielkopolska
100%
Grenadierów Strzelców
88%
Karwiny PKM Wielkopolska
88%
Karwiny PKM Strzelców
88%
Władysława Jagiełły Strzelców
75%
Nie znaleziono quizów pasujących do podanych kryteriów
Rozkład punktacji
Procent ludzi z każdym wynikiem
Percentyl według liczby udzielonych odpowiedzi
Twoja historia wyników
Nie rozwiązałeś tego quizu